National parks / written by Andrea Mills.
Available copies
- 1 of 1 copy available at LARL/NWRL Consortium.
- 1 of 1 copy available at Northwest Regional Library. (Show preferred library)
Current holds
0 current holds with 1 total copy.
Show Only Available Copies
| Location | Call Number / Copy Notes | Barcode | Shelving Location | Status | Due Date |
|---|---|---|---|---|---|
| Warroad Public Library | j 333.783 MIL (Text) | 35500006679680 | Main | Available | - |
Record details
- ISBN: 9780744069747
- ISBN: 0744069742
- ISBN: 9780744069730
- ISBN: 0744069734
- Physical Description: 72 pages : illustrations (chiefly color) ; 29 cm
- Edition: First American edition.
- Publisher: New York, NY : DK Publishing, 2023.
Content descriptions
| Bibliography, etc. Note: | Includes bibliographical references (page 67) and ... Read More |
| Summary, etc.: | "Become an eyewitness to every US National Park in ... Read More |
Search for related items by subject
| Subject: | National parks and reserves > United States > Juvenile literature. |
| Genre: | Guidebooks. |
Search for related items by series
| LDR | 01709cam a2200385 i 4500 | ||
|---|---|---|---|
| 001 | 417324 | ||
| 003 | LARL_NWRL_CONSORTIUM | ||
| 005 | 20230623145247.0 | ||
| 008 | 230531s2023 nyua c b 001 0 eng d | ||
| 020 | . | ‡a9780744069747 ‡q(lib. bdg.) | |
| 020 | . | ‡a0744069742 ‡q(lib. bdg.) | |
| 020 | . | ‡a9780744069730 ‡q(pbk.) | |
| 020 | . | ‡a0744069734 ‡q(pbk.) | |
| 035 | . | ‡a(OCoLC)1380759119 | |
| 040 | . | ‡aNjBwBT ‡beng ‡erda ‡cFMG ‡dETC ‡dOCLCQ ‡dJCX ‡dGZD | |
| 043 | . | ‡an-us--- | |
| 082 | 0 | 4. | ‡a333.78/30973 ‡223/eng/20230524 |
| 092 | . | ‡a333.7830973 ‡bM6571 | |
| 100 | 1 | . | ‡aMills, Andrea, ‡eauthor. ‡0(LARL_NWRL_CONSORTIUM)211822 |
| 245 | 1 | 0. | ‡aNational parks / ‡cwritten by Andrea Mills. |
| 246 | 3 | . | ‡aEyewitness national parks |
| 246 | 3 | . | ‡aDK Eyewitness national parks |
| 250 | . | ‡aFirst American edition. | |
| 264 | 1. | ‡aNew York, NY : ‡bDK Publishing, ‡c2023. | |
| 300 | . | ‡a72 pages : ‡billustrations (chiefly color) ; ‡c29 cm | |
| 336 | . | ‡atext ‡btxt ‡2rdacontent | |
| 337 | . | ‡aunmediated ‡bn ‡2rdamedia | |
| 338 | . | ‡avolume ‡bnc ‡2rdacarrier | |
| 490 | 0 | . | ‡aDK eyewitness books |
| 520 | . | ‡a"Become an eyewitness to every US National Park in this picture-led reference guide that will take you on a visual tour of around 35 percent of the country's land. Through this book, explorers ages 9-12 years old can visit each National Park--from the icy windswept ranges of Wrangell-St Elias in Alaska to the sandy plains of Death Valley, the coral reefs of American Samoa, and the vast mangroves of the Everglades"-- ‡cProvided by publisher | |
| 504 | . | ‡aIncludes bibliographical references (page 67) and index. | |
| 650 | 0. | ‡aNational parks and reserves ‡zUnited States ‡vJuvenile literature. ‡0(LARL_NWRL_CONSORTIUM)173608 | |
| 655 | 7. | ‡aGuidebooks. ‡2lcgft | |
| 901 | . | ‡a417324 ‡b ‡c417324 ‡tbiblio | |

Add to basket
Permalink
Disable Highlighting